Mäso: s ním alebo bez neho

O správnom stravovaní a životnom štýle nielen dospelých, ale aj detí. Pyramída výživy podľa Waltera Willetta - pomôcka ku správnej skladbe stravy.

Gespeichert in:
Bibliographische Detailangaben
1. Verfasser: Skladanová, Lucia
Format: Buchkapitel
Sprache:Slowakisch
Schlagworte:
Tags: Tag hinzufügen
Keine Tags, Fügen Sie das erste Tag hinzu!

MARC

LEADER 00000naa a2200000 4500
001 r047869
005 20230908082333.0
041 0 |a slo 
044 |a SK 
245 1 0 |a Mäso: s ním alebo bez neho  |c Lucia Skladanová 
520 |a O správnom stravovaní a životnom štýle nielen dospelých, ale aj detí. Pyramída výživy podľa Waltera Willetta - pomôcka ku správnej skladbe stravy. 
610 2 0 |a výživa 
610 2 0 |a zdravie 
610 2 0 |a štýl životný 
610 2 0 |a potraviny 
100 1 |a Skladanová, Lucia